00354nam a2200157Ia 45000010006000000050017000060080041000230410008000640820015000721000028000872450028001152600009001433000028001526500008001806540008001881572020260306170216.0260306t1996||||xx |||||||||||||| ||und|| aESP a599.9bP26 aPark, Michael AlaneAUT 0aBiological anthropology c1996 a359 páginas :c24 cm. aGEN aCCN